000 00272nam a2200109 a 4500
005 20141022142007.0
008 100913s19uu xx 00 eng d
050 _aCD-ROM
_bP34 2006
245 _aPediatric Nursing Skills.
260 _bPrentice Hall,
_c2006.
942 _cAVM
999 _c276564
_d276564